| 000 | 00516nam a2200157 4500 | ||
|---|---|---|---|
| 001 | 116273 | ||
| 003 | ES-MaACL | ||
| 007 | t| | ||
| 008 | 061121s1962 xxk r ||||1| eng d | ||
| 100 | 1 |
_aParkinson, C. Northcote. _989190 |
|
| 245 | 1 | 0 |
_aParkinson's law or the Pursiot of progress / _cNorthcote, C. Parkinson ; with illustrations by Osbert Lancaster. |
| 260 |
_aLondon : _bJohn Murray, _c1962. |
||
| 300 |
_a128 p. : _bil ; _c18 cm. |
||
| 700 | 1 |
_aLancaster, Osbert. _969894 |
|
| 852 |
_aES-MaACL _jE-5975 _bR.90474 |
||
| 999 |
_c116273 _d116273 |
||